Регионална библиотека "Любен Каравелов" - Русе

Grand duo concertant fur klavier und klarinette, Op. 48 (Запис номер 352144)

MARC детайли
000 -Лидер
Контролно поле с фиксирана дължина 00920ncm a2200265 a 4500
003 - Код на организацията, давaща контролен номер
Контролно поле BLK
005 - Дата и час на последна редакция
Контролно поле 20250127155503.0
008 - Елементи от данни с фиксирана дължина
fixed length control field 200407b bu ||||| |||| 00| 0 bu d
040 ## - Източник на каталожния запис
Идентификатор на билиотеката - собственик на записа BLK
041 ## - Код за език
Код за езика на текст/звукозапис или на отделно заглавие Немски
Код за езика КДБФ Немски
080 ## - УДК
Текстов определител УДК Музика за духови инструменти
УДК код - определител по УДК 788
УДК - код + определител 788
100 ## - Редна дума - Автор
Автор Weber, Karl Maria von
Авторска отговорност първи автор
R(LIN) 1299
139 ## - Редно поле
Редна дума Weber, Karl Maria von
Авторски знак Веб - В 34
245 ## - Сведения за заглавието
Заглавие Grand duo concertant fur klavier und klarinette, Op. 48
Редно поле (дума) Carl Maria von Weber ; aisg. Richard Hofmann
260 ## - Област на издателските данни
9 (RLIN) 211254
Място на издаване, разпространение и проч. Leipzig
Име на издателя, разпространителя и проч. Peters 3317
Година на издаване 1982
300 ## - Физическа характеристика
Страници 27 с.
Размери/Мащаб 28 см
Съпровождащи материали щим 8, 8 с.
380 ## - Жанр
Жанр Изкуство
650 #0 - Допълнително описание по предмет – тема
Основно описание – тема или топоним Дуо - кларинет и пиано
9 (RLIN) 353801
653 #7 - Ключова дума – ненормативна
9 (RLIN) 189131
Ключова дума концертанте
700 ## - Други автори (авторска отговорност)
9 (RLIN) 1311
Лично име Hofmann, Richard
Автороска отговорност (Описва отношението между автора и произведението) ред.
852 ## - Местоположение
Форматна сигнатура Цб М ІІ 1358
Фондова буква Хранилище
999 ## - СИСТЕМНИ КОНТРОЛНИ НОМЕРА
Koha biblionumber 352144
Koha biblioitemnumber 352144
942 ## - АРТИКУЛИ
Източник на класификационната схема Universal Decimal Classification
Вид на библиотечния материал Нотни издания
Скрит в OPAC Не
Периодичен библиозапис Да
944 ## - СЪЗДАВАНЕ И РЕДАКЦИЯ на ЗАПИСА
Създаване/Редакция Създаване
Дата на регистрацията/редакция 2020-04-07
Служител, извършил регистрацията/редакцията 30560
Статус, дата на статуса Геновева Генчева
999 ## - СИСТЕМНИ КОНТРОЛНИ НОМЕРА
Koha biblioitemnumber 352144
Наличности
Код за отписване Код за изгубен артикул Източник на класификационната схема Код за повреда Коз за рестрикции Код за отдаване Артикулен № Име на библиотеката - собственик Име на библиотеката, в която се намира в момента Статус (Текущо местоположение) Дата на вписване в системата Местоположение - отдел Цена в лева Инвентарен номер Систематично азбучна сигнатура Баркод Цена в евро Служебен тип на артикула
  Не е изгубен Universal Decimal Classification Не е повреден само за читалня ползва се в читалня 759951 Регионална библиотека "Любен Каравелов" Русе Регионална библиотека "Любен Каравелов" Русе Хранилище 2020-04-09 Основен фонд - ползва се само за читалня 2.10 837/89 Цб М ІІ 1358 900000004395 1.07 Нотни издания
  Не е изгубен Universal Decimal Classification Не е повреден без рестрикции заемане за дома 764283 Регионална библиотека "Любен Каравелов" Русе Регионална библиотека "Любен Каравелов" Русе Отдел Изкуство - подръчен фонд 2020-04-24 Отдел Изкуство - подръчен фонд 0.00 1420/90 788/В 34 900000001728 0.00 Нотни издания
  Не е изгубен Universal Decimal Classification Не е повреден без рестрикции заемане за дома 764284 Регионална библиотека "Любен Каравелов" Русе Регионална библиотека "Любен Каравелов" Русе Отдел Изкуство - подръчен фонд 2020-04-24 Отдел Изкуство - подръчен фонд 0.00 1388/90 788/В 34 900000001729 0.00 Нотни издания
Vip Innovations Ltd, Rousse, Bulgaria 2025